| 000 | 00623nas a2200217 4500 | ||
|---|---|---|---|
| 001 | BR9103596 | ||
| 003 | BR-BrBNA | ||
| 005 | 20231205092119.0 | ||
| 007 | ta | ||
| 008 | 230509b bl.|||p| |||| 00| 00por d | ||
| 040 |
_aBR-BrBNA _bpor _cBiblioteca Nacional de Agricultura |
||
| 041 | _a(Pt) | ||
| 072 | _aL01; E16 | ||
| 100 | 1 | _aAnon. | |
| 245 | 1 | _aProducao de pintos de corte | |
| 650 | _aPINTO DE CORTE | ||
| 650 | _aESTATISTICA DE PRODUCAO | ||
| 773 | 0 |
_tAvicultura Industrial (Brazil) _xISSN 0101-2258 _g(Mar 1985), v. 75(903) p. 57 _wBR9103596 |
|
| 909 |
_a202311 _bLúcia _c55 _dLúcia Elande |
||
| 942 |
_2AGRIS _n0 _cANA |
||
| 999 |
_c129431 _d129431 |
||